Five Biggest Cities by Region Quiz #2 - Statistics

General Stats
  • This quiz has been taken 1,637 times
  • The average score is 41 of 60
Answer Stats
Region Population City % Correct
California 17.2 mil Los Angeles
98%
California 7.45 mil San Francisco
97%
Australasia 4.97 mil Sydney
95%
California 3.20 mil San Diego
94%
Honshu 41.0 mil Tokyo
94%
Australasia 5.00 mil Melbourne
93%
Arabian Peninsula 7.50 mil Riyadh
93%
Indochina 21.2 mil Bangkok
92%
Indochina 7.15 mil Hanoi
92%
Australasia 2.25 mil Perth
92%
Arabian Peninsula 5.95 mil Dubai
91%
Indochina 13.9 mil Ho Chi Minh City
91%
Honshu 17.7 mil Osaka
91%
Bengal 22.5 mil Dhaka
89%
Andes 8.25 mil Santiago
89%
Australasia 3.35 mil Brisbane
88%
Danube Basin 2.50 mil Budapest
88%
Pampas 16.7 mil Buenos Aires
87%
California 2.12 mil Sacramento
87%
Danube Basin 2.35 mil Vienna
84%
Australasia 1.48 mil Auckland
83%
Bengal 17.7 mil Kolkata
83%
Danube Basin 2.20 mil Bucharest
81%
Arabian Peninsula 3.92 mil Jeddah
80%
East African Rift Valley 6.70 mil Nairobi
80%
Honshu 10.5 mil Nagoya
79%
Arabian Peninsula 3.17 mil Sana'a
79%
Andes 10.4 mil Bogotá
77%
East African Rift Valley 4.72 mil Addis Ababa
76%
Danube Basin 1.43 mil Belgrade
74%
Pampas 1.89 mil Montevideo
74%
Sahel 7.05 mil Khartoum
73%
Arabian Peninsula 4.77 mil Kuwait City
73%
Indochina 9.30 mil Kuala Lumpur
72%
Andes 2.82 mil Quito
70%
Siberia 1.86 mil Novosibirsk
69%
Indochina 6.15 mil Yangon
69%
Bengal 5.00 mil Chittagong
66%
Sahel 1.88 mil N'Djamena
65%
Andes 4.27 mil Medellín
64%
Pampas 1.79 mil Cordoba
61%
Sahel 1.48 mil Niamey
61%
Siberia 1.86 mil Yekaterinburg
60%
Andes 2.95 mil Cali
55%
Pampas 1.49 mil Rosario
55%
Honshu 1.87 mil Hiroshima
54%
Danube Basin 2.30 mil Munich
54%
Siberia 1.16 mil Omsk
53%
Sahel 3.92 mil Dakar
52%
East African Rift Valley 1.89 mil Kigali
47%
Siberia 1.47 mil Chelyabinsk
40%
Siberia 1.29 mil Krasnoyarsk
35%
Pampas 3.92 mil Porto Alegre
35%
California 1.27 mil Stockton
30%
East African Rift Valley 1.17 mil Lilongwe
23%
Honshu 2.17 mil Okayama
18%
Sahel 1.20 mil Touba
6%
Bengal 1.72 mil Asansol
5%
East African Rift Valley 1.06 mil Bukavu
3%
Bengal 1.80 mil Jamshedpur
3%
No matching quizzes found
Score Distribution
Percent of People with Each Score
Percentile by Number Answered
Your Score History
You have not taken this quiz